[Event "Lloyds Bank op"]
[Site "London"]
[Date "1991.??.??"]
[Round "3"]
[White "Shirov, Alexei"]
[Black "Hebden, Mark"]
[Result "1-0"]
[WhiteElo "2610"]
[BlackElo "2485"]

1.d4 Nf6 2.c4 g6 3.Nc3 Bg7 4.e4 d6 5.Nf3 O-O 6.Be2 e5 7.O-O Nc6 8.d5 Ne7
9.Ne1 Nd7 10.Nd3 f5 11.Bd2 Nf6 12.f3 f4 13.g4 g5 14.Be1 Ng6 15.c5 Rf7 16.cxd6 cxd6
17.a4 Bf8 18.a5 h5 19.h3 Rh7 20.Kg2 hxg4 21.hxg4 Be7 22.Bf2 Nh4+ 23.Bxh4 gxh4
24.Nf2 h3+ 25.Kh1 a6 26.b4 b5 27.axb6 Qxb6 28.b5 Bd8 29.bxa6 Bxa6 30.Bxa6 Rxa6
31.Qe2 Raa7 32.Rab1 Qe3 33.Qxe3 fxe3 34.Rb8 Rhd7 35.Nxh3 Rab7 36.Rb1 Rxb1+
37.Rxb1 Rc7 38.Rb3 Nd7 39.Ng1 Bh4 40.Kg2 Nf8 41.Nce2 Ng6 42.Rxe3 Rc2 43.Rc3 Rd2
44.Rc8+ Kf7 45.Rc7+ Kf6 46.Kh1 Nf4 47.Nxf4 exf4 48.Nh3 Rd1+ 49.Kg2 Rd2+ 50.Kf1 Rd1+
51.Ke2 Re1+ 52.Kd2 Rh1 53.g5+ Ke5 54.Kd3 Rd1+ 55.Kc2 Rf1 56.Rh7 Be1 57.Re7+ Kd4
58.g6 Rxf3 59.g7  1-0

[Event "USA-op Los Angeles"]
[Site "Los Angeles"]
[Date "1991.??.??"]
[Round "?"]
[White "Browne, Walter S"]
[Black "Garmendez, Florentino"]
[Result "1/2-1/2"]
[WhiteElo "2525"]
[BlackElo "2270"]

1.d4 Nf6 2.c4 g6 3.Nc3 Bg7 4.e4 d6 5.Nf3 O-O 6.Be2 Nc6 7.O-O e5 8.d5 Ne7
9.Nd2 Nd7 10.b4 f5 11.Ba3 b6 12.c5 Nf6 13.cxd6 cxd6 14.b5 Kh8 15.Nc4 Ne8
16.f4 exf4 17.e5 dxe5 18.d6 Ng8 19.d7 Bxd7 20.Bxf8 Bxf8 21.Nxe5 Be6 22.Bf3 Rc8
23.Nc6 Qh4 24.Qe1 Qf6 25.Bd5 Nc7 26.Bxe6 Nxe6 27.Nd5 Qf7 28.Nxf4 Nxf4 29.Rxf4 Re8
30.Qf1 Nf6 31.Qc4 Qg7 32.Raf1 Bd6 33.R4f3 Ng4 34.g3 Bc5+ 35.Kh1 Qb2 36.Qc3+ Qxc3
37.Rxc3 Re2 38.Rxc5 Rxh2+ 39.Kg1 bxc5 40.a4 Rb2 41.Nxa7 c4 42.Rc1 Ne5 43.a5 Nf3+  1/2-1/2

[Event "USA-op Los Angeles"]
[Site "Los Angeles"]
[Date "1991.??.??"]
[Round "?"]
[White "Ambarcumjan, Armen"]
[Black "Edelman, Daniel"]
[Result "1-0"]
[WhiteElo "2345"]
[BlackElo "2420"]

1.d4 Nf6 2.c4 g6 3.Nc3 Bg7 4.e4 d6 5.Nf3 O-O 6.Be2 e5 7.O-O Nc6 8.d5 Ne7
9.Nd2 a5 10.a3 Nd7 11.Rb1 f5 12.b4 Kh8 13.Qc2 Ng8 14.exf5 gxf5 15.f4 exf4
16.Nf3 Ne5 17.Bxf4 axb4 18.axb4 Bd7 19.c5 Qf6 20.Nxe5 dxe5 21.Be3 Qg6 22.b5 f4
23.Bd3 Qh5 24.c6 bxc6 25.bxc6 Bc8 26.Bc5 Rf6 27.Be2 Qf7 28.Ne4 Bf5 29.Bf3 Rh6
30.Rb7 Qg6 31.Rfb1 Bf8 32.Bxf8 Rxf8 33.Rb8 Rf7 34.Qc3 Re7 35.Re1 Bxe4 36.Rxe4 Qg5
37.Rf8 Rf6 38.Rd8 Qg7 39.Qc5 Qf7 40.Rb4 Re8 41.Rd7 Re7 42.Rxe7 Nxe7 43.Rb7 Nf5
44.Qa7 Nd4 45.Qa8+ Qf8 46.Qxf8+ Rxf8 47.Rxc7 Re8 48.d6 e4 49.d7 Rd8 50.Bxe4  1-0

[Event "Wch U20 Girls"]
[Site "Mamaia"]
[Date "1991.??.??"]
[Round "?"]
[White "Lewandowska, Katarzyna"]
[Black "Paasikangas, Johanna"]
[Result "1-0"]
[WhiteElo "2125"]
[BlackElo "2130"]

1.Nf3 g6 2.c4 Bg7 3.Nc3 Nf6 4.e4 d6 5.d4 O-O 6.Be2 e5 7.O-O Nc6 8.d5 Ne7
9.Nd2 Nd7 10.b4 a5 11.bxa5 Rxa5 12.Nb3 Ra8 13.Be3 f5 14.f3 f4 15.Bf2 b6 16.a4 g5
17.a5 Rb8 18.axb6 cxb6 19.Nb5 Rf6 20.Ra7 Rh6 21.Nc7 Nf8 22.Nd2 Neg6 23.Qb3 Nh4
24.Rfa1 Bd7 25.R1a6 Qf6 26.Rxb6 Rxb6 27.Qxb6 Qg6 28.Nf1 g4 29.Bxh4 Rxh4 30.Qf2 Bf6
31.Nb5 g3 32.hxg3 Rh6 33.g4 Bh4 34.Qb6 Qf6 35.Ra8 Bg3 36.Qd8 Qg7 37.g5 Rg6
38.Nxg3 fxg3 39.c5 dxc5 40.Bc4 h6 41.d6+ Be6 42.Bxe6+ Rxe6 43.d7  1-0

[Event "Wch U20"]
[Site "Mamaia"]
[Date "1991.??.??"]
[Round "?"]
[White "Garcia Ilundain, David"]
[Black "Pedzich, Dominik"]
[Result "0-1"]
[WhiteElo "2370"]
[BlackElo "2385"]

1.d4 Nf6 2.Nf3 g6 3.c4 Bg7 4.Nc3 O-O 5.e4 d6 6.Be2 e5 7.O-O Nc6 8.d5 Ne7
9.Nd2 a5 10.a3 c5 11.Rb1 Ne8 12.b4 axb4 13.axb4 b6 14.bxc5 bxc5 15.Nb3 f5
16.Bd2 fxe4 17.Nxe4 Nf6 18.Bd3 Nxe4 19.Bxe4 Nf5 20.Ra1 Rxa1 21.Qxa1 Qh4 22.Qb1 Bd7
23.Qd3 Ba4 24.f3 Rb8 25.Rb1 Bh6 26.Bxh6 Rxb3 27.Bxf5 gxf5 28.Rxb3 Qe1+  0-1

[Event "Wch U20"]
[Site "Mamaia"]
[Date "1991.??.??"]
[Round "?"]
[White "Ulibin, Mikhail"]
[Black "Barcenilla, Rogelio"]
[Result "1/2-1/2"]
[WhiteElo "2565"]
[BlackElo "2450"]

1.d4 Nf6 2.c4 g6 3.Nc3 Bg7 4.e4 d6 5.Nf3 O-O 6.Be2 e5 7.O-O Nc6 8.d5 Ne7
9.Nd2 a5 10.a3 Nd7 11.Rb1 f5 12.b4 Kh8 13.bxa5 Rxa5 14.Nb3 Ra8 15.f3 f4 16.g4 Ng8
17.Kh1 Rf7 18.Rg1 Bf6 19.a4 h5 20.gxh5 g5 21.Bf1 Rh7 22.Bh3 Rxh5 23.Qf1 Nh6
24.a5 Nc5 25.Bxc8 Qxc8 26.Nxc5 dxc5 27.Bd2 Qd7 28.Rxb7 g4 29.Nb5 g3 30.Rg2 Qh7
31.Rxc7 Nf7 32.Qe2 Bd8 33.Rb7 Bxa5 34.Nd6 Bxd2 35.Nxf7+ Kg8 36.Rb1 Bb4 37.Nd6 Kg7
38.Nf5+ Kf6 39.d6 Rh8 40.Rb2 Bc3 41.Ra2 Qb7 42.Qd3 Bd4 43.Nxd4 cxd4 44.Rgb2 Qc6
45.d7 Qxd7 46.c5 Kg5 47.Kg1 Rxh2 48.Rxh2 Rxh2 49.Rxh2 gxh2+ 50.Kxh2 Qa4 51.Qf1 Qc2+
52.Qg2+ Qxg2+ 53.Kxg2 Kf6 54.Kf2 Ke7 55.Ke2 Kd7 56.Kd3 Kc7  1/2-1/2

[Event "Marchena"]
[Site "Marchena"]
[Date "1991.??.??"]
[Round "3"]
[White "Rodriguez Talavera, Juan Carlos"]
[Black "Reyes, Juan"]
[Result "0-1"]
[WhiteElo "2365"]
[BlackElo "2415"]

1.c4 Nf6 2.Nc3 g6 3.e4 d6 4.d4 Bg7 5.Nf3 O-O 6.Be2 e5 7.O-O Nc6 8.d5 Ne7
9.Ne1 Nd7 10.Nd3 f5 11.Bd2 Nf6 12.f3 Kh8 13.Rc1 c5 14.a3 a6 15.b4 b6 16.bxc5 bxc5
17.Rb1 Neg8 18.g4 h6 19.h4 fxg4 20.fxg4 Nh7 21.Rxf8 Bxf8 22.Be1 Be7 23.h5 gxh5
24.gxh5 Bh4 25.Qd2 Ra7 26.Nf2 Rg7+ 27.Kf1 Qf6 28.Bd1 Rg3  0-1

[Event "WchT U26"]
[Site "Maringa"]
[Date "1991.??.??"]
[Round "1"]
[White "Peralta, Eduardo"]
[Black "Watanabe, Roberto"]
[Result "0-1"]
[WhiteElo "2210"]
[BlackElo "2275"]

1.d4 Nf6 2.Nf3 g6 3.c4 Bg7 4.Nc3 O-O 5.e4 d6 6.Be2 e5 7.O-O Nc6 8.d5 Ne7
9.Nd2 a5 10.Rb1 Nd7 11.a3 f5 12.b4 axb4 13.axb4 Kh8 14.f3 Ng8 15.Nb3 Ndf6
16.c5 Nh5 17.g3 Nhf6 18.Bd2 fxe4 19.fxe4 Bh3 20.Rf2 Nh6 21.Bg5 Nhg8 22.Bg4 Nxg4
23.Bxd8 Nxf2 24.Qd2 Raxd8 25.Na5 Ng4 26.Nc4 Rf3 27.Nb5 Rdf8 28.Qe2 Rf2 29.Qxf2 Rxf2
30.Ne3 Rf6 31.Nxg4 Bxg4 32.Nxc7 Bh6 33.Rf1 Be3+ 34.Kg2 Rxf1 35.Kxf1 dxc5  0-1

[Event "WchT U26"]
[Site "Maringa"]
[Date "1991.??.??"]
[Round "4"]
[White "Norri, Joose"]
[Black "Fishbein, Alexander"]
[Result "0-1"]
[WhiteElo "2315"]
[BlackElo "2460"]

1.d4 Nf6 2.Nf3 g6 3.c4 Bg7 4.Nc3 d6 5.e4 O-O 6.Be2 e5 7.O-O Nc6 8.d5 Ne7
9.Ne1 Nd7 10.Nd3 f5 11.Bd2 Nf6 12.f3 Kh8 13.Rc1 c6 14.b4 a5 15.bxa5 Rxa5
16.Kh1 Ra8 17.g4 h6 18.h4 b5 19.dxc6 Nxc6 20.cxb5 Nd4 21.Rg1 fxg4 22.fxg4 Bb7
23.Nf2 Nxe4  0-1

[Event "WchT U26"]
[Site "Maringa"]
[Date "1991.??.??"]
[Round "5"]
[White "Fioramonti, Hung"]
[Black "Norri, Joose"]
[Result "0-1"]
[WhiteElo "2290"]
[BlackElo "2325"]

1.Nf3 Nf6 2.c4 g6 3.Nc3 Bg7 4.e4 d6 5.d4 O-O 6.Be2 e5 7.O-O Nc6 8.d5 Ne7
9.Ne1 Nd7 10.Nd3 f5 11.Bd2 Nf6 12.f3 Kh8 13.b4 f4 14.g4 h5 15.h3 Nh7 16.Be1 Bf6
17.Bf2 Ng8 18.Qe1 Nh6 19.Kg2 Kg7 20.c5 Ng5 21.Rh1 Bd7 22.Qg1 Nhf7 23.Kf1 hxg4
24.hxg4 Rh8 25.Kg2 Qe7 26.cxd6 Nxd6 27.Bc5 Rxh1 28.Qxh1 Rh8 29.Qe1 Rh3 30.Qf2 Qd8
31.Rh1 Rg3+ 32.Kf1 Nc4 33.Ke1 b6 34.Nd1 bxc5 35.Qxc5 Nd6 36.Rf1 a6 37.Nc3 Bb5
38.Nxb5 Nxb5 39.Qc6 Qd6 40.Qa8 Nd4 41.Nc5 Rg2 42.Rf2 Rg1+ 43.Kd2 Qb6 44.a3 Nb3+  0-1

[Event "WchT U26"]
[Site "Maringa"]
[Date "1991.??.??"]
[Round "8"]
[White "Hakulinen, Esko Matti"]
[Black "Watanabe, Roberto"]
[Result "0-1"]
[WhiteElo "2310"]
[BlackElo "2275"]

1.Nf3 Nf6 2.c4 g6 3.Nc3 Bg7 4.e4 d6 5.d4 O-O 6.Be2 e5 7.O-O Nc6 8.Be3 Re8
9.dxe5 dxe5 10.h3 Be6 11.c5 Nh5 12.Nd5 Nd4 13.Nxd4 exd4 14.Bxd4 Bxd4 15.Qxd4 Bxd5
16.Bxh5 Rxe4 17.Qc3 gxh5 18.Rad1 Re6 19.f4 c6 20.f5 Re2 21.Rf3 Qg5  0-1

[Event "Mexico City"]
[Site "Mexico"]
[Date "1991.??.??"]
[Round "6"]
[White "Vera, Reynaldo"]
[Black "Hernandez, Gilberto"]
[Result "1/2-1/2"]
[WhiteElo "2465"]
[BlackElo "2525"]

1.d4 Nf6 2.Nf3 g6 3.c4 Bg7 4.Nc3 O-O 5.e4 d6 6.Be2 e5 7.O-O Nc6 8.Be3 Ng4
9.Bg5 f6 10.Bc1 Nxd4 11.Nxd4 exd4 12.Qxd4 Be6 13.Qd1 Qd7 14.Nd5 f5 15.exf5 Bxf5
16.Nxc7 Qxc7 17.Bxg4 Qxc4 18.Bxf5 Rxf5 19.Qxd6 Raf8 20.Be3 Bxb2 21.Rab1 Be5
22.Qd7 b6 23.Qxa7  1/2-1/2

[Event "Mexico City"]
[Site "Mexico"]
[Date "1991.??.??"]
[Round "7"]
[White "Hernandez, Roman"]
[Black "Gonzalez, J."]
[Result "1-0"]
[WhiteElo "2445"]
[BlackElo "2090"]

1.Nf3 Nf6 2.c4 g6 3.Nc3 Bg7 4.e4 d6 5.d4 O-O 6.Be2 e5 7.O-O Nc6 8.d5 Ne7
9.Nd2 a5 10.Rb1 c5 11.a3 Bh6 12.b4 axb4 13.axb4 b6 14.bxc5 bxc5 15.Nb3 Bxc1
16.Qxc1 Nd7 17.Nb5 Nf6 18.f4 Nxe4 19.Qe3 f5 20.fxe5 dxe5 21.Bd3 Nd6 22.Qxc5 Nxb5
23.cxb5 Rf6 24.Bc4 Rd6 25.Rbe1 Bb7 26.Rxe5 Rc8 27.Qd4 Qd7 28.Rc1 Kf8 29.Bf1 Qd8
30.Nc5  1-0

[Event "Mexico City"]
[Site "Mexico"]
[Date "1991.??.??"]
[Round "8"]
[White "Pein, Malcolm"]
[Black "Medina, Carrillo Guilleromo"]
[Result "1-0"]
[WhiteElo "2440"]
[BlackElo "2295"]

1.Nf3 Nf6 2.c4 g6 3.Nc3 Bg7 4.e4 d6 5.d4 O-O 6.Be2 e5 7.O-O Nc6 8.d5 Ne7
9.Nd2 Ne8 10.b4 f5 11.c5 Nf6 12.f3 f4 13.Nc4 g5 14.Bb2 Kh8 15.Rc1 Neg8 16.b5 b6
17.cxd6 cxd6 18.a4 h5 19.Ba3 Ne8 20.a5 Nh6 21.axb6 axb6 22.Na4 Rb8 23.Ncxb6 Bb7
24.Nc4 Rf6 25.b6 Ra8 26.Bb4 Ra6 27.Kh1 Rg6 28.Na5 Rxa5 29.Bxa5 g4 30.Rc7 Nxc7
31.bxc7 Qh4 32.Nb6 g3 33.h3 Nf7 34.c8=Q+ Bxc8 35.Nxc8 Ng5 36.Ne7 Rf6 37.Bd8  1-0

[Event "POL-chT"]
[Site "Mikolajki"]
[Date "1991.??.??"]
[Round "2"]
[White "Lewinski, Dominik"]
[Black "Stypka, Mieczyslaw"]
[Result "1-0"]
[WhiteElo "2265"]
[BlackElo "2270"]

1.d4 Nf6 2.c4 g6 3.Nc3 Bg7 4.Nf3 O-O 5.e4 d6 6.Be2 e5 7.O-O Nc6 8.d5 Ne7
9.Ne1 Nd7 10.f3 f5 11.g4 Nf6 12.Nd3 f4 13.h4 h5 14.g5 Nh7 15.Kh2 c5 16.Rb1 Bd7
17.b4 b6 18.Bd2 Nc8 19.Rg1 Re8 20.a4 Nf8 21.Qb3 Qe7 22.a5 Nh7 23.Na4 Nf8
24.bxc5 bxc5 25.Rb2 Nh7 26.Be1 Bf8 27.Nc3 a6 28.Bf2 Qd8 29.Qa3 Qc7 30.Rgb1 Ra7
31.Bf1 Be7 32.Be1 Kg7 33.Na4 Bxg5 34.hxg5 Nxg5 35.Bg2 Nf7 36.Nb6 g5 37.Nxd7 Qxd7
38.Bh3 g4 39.fxg4 hxg4 40.Bxg4 Rh8+ 41.Kg1 Qe7 42.Rg2 Kf6 43.Bxc8  1-0

[Event "POL-chT"]
[Site "Mikolajki"]
[Date "1991.??.??"]
[Round "7"]
[White "Ehrenfeucht, Wojciech"]
[Black "Cybulak, Adam"]
[Result "1/2-1/2"]
[WhiteElo "2285"]
[BlackElo "2265"]

1.Nf3 Nf6 2.c4 g6 3.Nc3 Bg7 4.e4 d6 5.Be2 O-O 6.O-O e5 7.d4 Nc6 8.d5 Ne7
9.b4 Nh5 10.g3 f5 11.Ng5 Nf6 12.f3 h6 13.Ne6 Bxe6 14.dxe6 c6 15.Be3 Kh7 16.Qd2 Qc7
17.Rfd1 Rfd8 18.Rac1 Qc8 19.c5 d5 20.exd5 Nexd5 21.Nxd5 Nxd5 22.Bc4 Qxe6
23.b5 Qe7 24.bxc6 bxc6 25.Bxd5 Rxd5 26.Qa5 Rad8 27.Qa4 Rxd1+ 28.Rxd1 Rxd1+
29.Qxd1 Qb7 30.Bf2 e4 31.fxe4 fxe4 32.Qa4 Qb1+ 33.Kg2 Qd3 34.Qxc6 Qf3+ 35.Kg1 Qd1+
36.Kg2  1/2-1/2

[Event "POL-chT"]
[Site "Mikolajki"]
[Date "1991.??.??"]
[Round "8"]
[White "Gleizerov, Evgeny"]
[Black "Sznapik, Aleksander"]
[Result "1-0"]
[WhiteElo "2485"]
[BlackElo "2445"]

1.d4 Nf6 2.c4 g6 3.Nc3 Bg7 4.e4 d6 5.Nf3 O-O 6.Be2 e5 7.O-O Nc6 8.d5 Ne7
9.Nd2 a5 10.a3 Nd7 11.Rb1 f5 12.b4 Kh8 13.f3 Ng8 14.Qc2 Ngf6 15.Nb5 Nh5 16.g3 axb4
17.axb4 Ndf6 18.c5 fxe4 19.fxe4 Bh3 20.Rf2 Qd7 21.Rb3 Bh6 22.Rc3 Ng4 23.Rxf8+ Rxf8
24.Nf3 Bxc1 25.Qxc1 Ngf6 26.Ng5 Bg4 27.Bf1 h6 28.cxd6 hxg5 29.Rxc7 Qe8 30.Re7 Qd8
31.Rxe5 Nd7 32.Rxg5 Qb6+ 33.Kh1 Bf3+ 34.Bg2 Bxg2+ 35.Kxg2 Qf2+ 36.Kh3 Qf3
37.Qc3+ Qxc3 38.Nxc3 Kg7 39.e5 Nb6 40.e6 Rh8 41.Kg2 Nf6 42.d7 Nc4 43.h4 Kh6
44.Kf3 Ra8 45.Ne4 Nxd7 46.exd7 Rd8 47.Nc5 b6 48.Ne6 Rxd7 49.Rxg6+ Kxg6 50.Nf8+ Kf6
51.Nxd7+ Ke7 52.Nb8 Kd6 53.Ke4  1-0

[Event "POL-chT"]
[Site "Mikolajki"]
[Date "1991.??.??"]
[Round "9"]
[White "Samarin, Igor"]
[Black "Jaracz, Pawel"]
[Result "0-1"]
[WhiteElo "2385"]
[BlackElo "2300"]

1.Nf3 Nf6 2.c4 g6 3.Nc3 Bg7 4.e4 d6 5.d4 O-O 6.Be2 e5 7.O-O Nc6 8.d5 Ne7
9.b4 Nh5 10.c5 f5 11.Ng5 Nf4 12.Bc4 h6 13.Ne6 Bxe6 14.dxe6 fxe4 15.Nd5 Nfxd5
16.Bxd5 c6 17.Bxe4 d5 18.Bc2 Qc8 19.Rb1 Qxe6 20.Rb3 Nf5 21.Rh3 h5 22.Bg5 Rae8
23.Ra3 a6 24.f3 Rf7 25.Re1 Bh6 26.Bxh6 Nxh6 27.Rae3 Qf6 28.Qa1 Rfe7 29.Bd3 Kf7
30.a4 Nf5 31.R3e2 Nd4 32.Re3 Re6 33.Qa2 Nf5 34.Bxf5 gxf5 35.Qd2 h4 36.R3e2 f4
37.h3 Qf5 38.Rf2 Rf6 39.Ref1 Kg6 40.Qc3 Qg5 41.Qd2 Kh6 42.Kh1 Qf5 43.Qc3 Kg5
44.Kh2 Qg6 45.Qd2 Qf7 46.Qd1 Qe6 47.Qd2 Ref8 48.Re2 Qf5 49.Qc3 e4 50.fxe4 dxe4
51.Qd4 Re8 52.Rfe1 e3 53.Kh1 Qd5 54.Qb2 Re4 55.Qb1 Kh6 56.Rf1 Qc4 57.Qe1 Kg5
58.Rb2 Qd3 59.Rb1 e2 60.Rf2 Qxb1  0-1

[Event "Mondorf op"]
[Site "Mondorf"]
[Date "1991.??.??"]
[Round "2"]
[White "David, Alberto"]
[Black "Watson, William N"]
[Result "1-0"]
[WhiteElo "2315"]
[BlackElo "2525"]

1.d4 Nf6 2.Nf3 g6 3.c4 Bg7 4.Nc3 O-O 5.e4 d6 6.Be2 e5 7.O-O Nc6 8.d5 Ne7
9.b4 Nh5 10.c5 h6 11.Qb3 Nf4 12.Bxf4 exf4 13.Rad1 g5 14.e5 dxe5 15.d6 cxd6
16.Rxd6 Qc7 17.h3 Nf5 18.Rd2 b6 19.Nd5 Qb7 20.Bd3 Kh8 21.Qc2 Qxd5 22.Be4 Qe6
23.Bxa8 Nd4 24.Nxd4 exd4 25.Bf3 f5 26.cxb6 axb6 27.Qc6 Qe7 28.Rxd4 g4 29.Bd1 f3
30.g3 Bxd4 31.Qxh6+ Kg8 32.Bb3+ Rf7 33.Qg6+ Bg7 34.Rd1 Bb7 35.Bxf7+ Kf8 36.Be6  1-0

[Event "Mondorf op"]
[Site "Mondorf"]
[Date "1991.??.??"]
[Round "5"]
[White "Blees, Albert"]
[Black "Paehtz, Thomas Sr"]
[Result "1-0"]
[WhiteElo "2380"]
[BlackElo "2465"]

1.d4 Nf6 2.Nf3 g6 3.c4 Bg7 4.Nc3 d6 5.e4 O-O 6.Be2 e5 7.O-O Nc6 8.d5 Ne7
9.Bg5 h6 10.Bxf6 Bxf6 11.b4 Kg7 12.c5 Ng8 13.a4 a6 14.cxd6 cxd6 15.a5 Bg5
16.Na4 f5 17.Nb6 Rb8 18.Ra3 Ne7 19.Nxg5 hxg5 20.f3 Bd7 21.Rc3 Nc8 22.Nxd7 Qxd7
23.Qc2 Kg8 24.Rc7 Qd8 25.Rc1 Ne7 26.Qd2 f4 27.Bf1 g4 28.Qf2 Nc6 29.R7xc6 bxc6
30.dxc6 Qc7 31.Qd2 Kg7 32.Kh1 Rh8 33.fxg4 Rbf8 34.h3 f3 35.Bxa6 Rf4 36.Bf1 Ra8
37.b5 Rxa5 38.b6 Qxb6 39.c7 Rc5 40.c8=Q Rxc8 41.Rxc8 Qb1 42.Rc1  1-0

[Event "Mondorf op"]
[Site "Mondorf"]
[Date "1991.??.??"]
[Round "8"]
[White "Van Wely, Loek"]
[Black "Skripchenko, Almira"]
[Result "1-0"]
[WhiteElo "2475"]
[BlackElo "2125"]

1.d4 Nf6 2.c4 g6 3.Nc3 Bg7 4.e4 d6 5.Nf3 O-O 6.Be2 e5 7.O-O Nc6 8.d5 Ne7
9.b4 c6 10.Ne1 cxd5 11.cxd5 Ne8 12.Be3 f5 13.f3 f4 14.Bf2 g5 15.Rc1 Rf7 16.a4 Bd7
17.a5 h5 18.Nb5 Bxb5 19.Bxb5 Nf6 20.a6 b6 21.Bc6 Rb8 22.Bb7 Bf8 23.Nd3 Rg7
24.Kh1 Ng6 25.Rc6 g4 26.Qc2 Rbxb7 27.axb7 Rxb7 28.Rc1 Ne8 29.Rc8 Qe7 30.b5 Rd7
31.Nb4 Kf7 32.Qc6 Bg7 33.Na6 Nf8 34.Nb8 Rd8 35.Rxd8 Qxd8 36.Qb7+  1-0

[Event "FRA-ch Acc"]
[Site "Montpellier"]
[Date "1991.??.??"]
[Round "1"]
[White "Tugaye, Francis"]
[Black "Lucas, Flavien"]
[Result "0-1"]
[WhiteElo "2120"]
[BlackElo "2275"]

1.d4 Nf6 2.c4 g6 3.Nc3 Bg7 4.e4 d6 5.Be2 O-O 6.Nf3 e5 7.O-O Nc6 8.d5 Ne7
9.Ne1 c5 10.Nd3 Ne8 11.Rb1 f5 12.Bd2 Nf6 13.f3 f4 14.g4 Kh8 15.Be1 Neg8 16.b4 b6
17.bxc5 bxc5 18.h4 h5 19.g5 Nh7 20.Rf2 Nxg5 21.hxg5 Qxg5+ 22.Rg2 Qf6 23.Rh2 Nh6
24.Bf1 Rg8 25.Bh3 Qf7 26.Nb5 Bf8 27.Be6 Bxe6 28.dxe6 Qe7 29.Nf2 a6 30.Nc3 Qxe6
31.Qd5 Qe8 32.Rb6 g5 33.Qc6 Qg6 34.Qd7 g4 35.fxg4 hxg4 36.Nd3 g3 37.Rh3 Re8
38.Kg2 Rg7 39.Rxh6+ Qxh6 40.Qxe8 Qh2+ 41.Kf3 Rg8 42.Qf7 g2  0-1

[Event "FRA-ch Acc"]
[Site "Montpellier"]
[Date "1991.??.??"]
[Round "4"]
[White "Tugaye, Francis"]
[Black "Leuly, Max"]
[Result "0-1"]
[WhiteElo "2120"]
[BlackElo "2110"]

1.d4 Nf6 2.c4 g6 3.Nc3 Bg7 4.e4 d6 5.Be2 O-O 6.Nf3 e5 7.O-O Nc6 8.d5 Ne7
9.Ne1 Nd7 10.Nd3 f5 11.Bd2 f4 12.g4 g5 13.f3 Nf6 14.Be1 Ng6 15.c5 h5 16.h3 Rf7
17.cxd6 cxd6 18.a4 Bf8 19.Kg2 Rh7 20.Rc1 Ne8 21.Nb5 Qf6 22.Bf2 Qh8 23.Rh1 a6
24.Na3 Nf6 25.Rc4 Bd7 26.a5 Re8 27.Nb4 Ree7 28.Rc7 Ba4 29.Qxa4 Rxc7 30.Qd1 hxg4
31.fxg4 f3+ 32.Bxf3 Nf4+ 33.Kf1 Rxh3 34.Rg1 Rh2 35.Rg3 Rf7 36.Kg1 Rxf2 37.Kxf2 Qh2+
38.Ke3 Qxg3 39.Kd2 Rh7  0-1

[Event "FRA-ch Acc"]
[Site "Montpellier"]
[Date "1991.??.??"]
[Round "4"]
[White "Salus, Stephane"]
[Black "Belheine, Larbi"]
[Result "1-0"]
[WhiteElo "2205"]
[BlackElo "1990"]

1.d4 g6 2.c4 Nf6 3.Nc3 Bg7 4.e4 d6 5.Nf3 O-O 6.Be2 e5 7.O-O Nc6 8.d5 Ne7
9.Ne1 Nd7 10.f3 f5 11.Bd2 f4 12.g4 g5 13.b4 h5 14.h3 Rf6 15.Nd3 Rh6 16.Kg2 Ng6
17.Be1 Bf8 18.Rh1 Nf6 19.Bf2 Qe7 20.c5 Qh7 21.Qb3 Bd7 22.c6 Bc8 23.b5 Be7
24.a4 Kg7 25.a5 bxc6 26.dxc6 Nf8 27.Nb4 Be6 28.Nbd5 Ng6 29.Nxf6 Kxf6 30.Bc4 Bxc4
31.Qxc4 Rh8 32.gxh5 Rxh5 33.Nd5+ Kg7 34.Nxe7 Nxe7 35.Qe6 Kf8 36.b6 g4 37.bxa7 gxf3+
38.Kxf3  1-0

[Event "FRA-ch Acc"]
[Site "Montpellier"]
[Date "1991.??.??"]
[Round "6"]
[White "Monnard, Laurent"]
[Black "Libens, Michel"]
[Result "1-0"]
[WhiteElo "2240"]
[BlackElo "2260"]

1.d4 Nf6 2.Nf3 g6 3.c4 Bg7 4.Nc3 O-O 5.e4 d6 6.Be2 e5 7.O-O Nc6 8.d5 Ne7
9.b4 a5 10.Ba3 axb4 11.Bxb4 Nd7 12.Nd2 f5 13.a4 Nf6 14.c5 fxe4 15.cxd6 cxd6
16.Ndxe4 Nxe4 17.Nxe4 Rf4 18.Bf3 Bf5 19.Re1 Bxe4 20.Rxe4 Rxe4 21.Bxe4 Qb6
22.Rb1 Qa6 23.a5 Rf8 24.Qf1 b5 25.Bd2 Rb8 26.Bd3 Qa8 27.Bxb5 h6 28.a6 Kh7
29.Bd3 Nf5 30.Rxb8 Qxb8 31.Qb1 Qa7 32.Bxf5 gxf5 33.Qxf5+ Kh8 34.Qc8+ Kh7
35.Be3 Qf7 36.Qe6 Qh5 37.g4  1-0

[Event "FRA-ch Acc"]
[Site "Montpellier"]
[Date "1991.??.??"]
[Round "6"]
[White "Pira, Davoud"]
[Black "Desbones, Samy"]
[Result "1-0"]
[WhiteElo "2320"]
[BlackElo "2100"]

1.d4 Nf6 2.Nf3 g6 3.c4 Bg7 4.Nc3 O-O 5.e4 d6 6.Be2 e5 7.O-O Nc6 8.Be3 Ng4
9.Bg5 f6 10.Bc1 Kh8 11.d5 Ne7 12.Nd2 Nh6 13.b4 a5 14.bxa5 f5 15.Nb3 f4 16.Ba3 g5
17.h3 Ng6 18.c5 Nh4 19.f3 Rf6 20.cxd6 cxd6 21.Nb5 Nf7 22.Rc1 Nxg2 23.Kxg2 Bxh3+
24.Kxh3 g4+ 25.Kg2 gxf3+ 26.Bxf3 Rg6+ 27.Kf2 Qh4+ 28.Ke2 Qh3 29.Rh1 Rg2+
30.Kd3 Qg3 31.Rc2 Rxc2 32.Kxc2 Qf2+ 33.Qe2 Rc8+ 34.Kb1 Qg3 35.Qg2 Ng5 36.Qxg3 fxg3
37.Bg2 Rf8 38.Bc1  1-0

[Event "FRA-ch Acc"]
[Site "Montpellier"]
[Date "1991.??.??"]
[Round "6"]
[White "Mercier, Jean Pierre"]
[Black "Thiriet, Benoit"]
[Result "1-0"]
[WhiteElo "2225"]
[BlackElo "2080"]

1.Nf3 Nf6 2.c4 g6 3.Nc3 Bg7 4.e4 d6 5.d4 O-O 6.Be2 e5 7.O-O Nc6 8.d5 Ne7
9.Bg5 Nd7 10.Ne1 f6 11.Bd2 f5 12.Nd3 Nf6 13.f3 h5 14.c5 f4 15.cxd6 cxd6 16.Nf2 g5
17.h3 Kh8 18.Rc1 Neg8 19.Nb5 Rf7 20.Qb3 Bf8 21.Rc3 Nh6 22.Rfc1 Bd7 23.Nc7 Rb8
24.Ne6 Bxe6 25.dxe6 Re7 26.Bc4 g4 27.hxg4 hxg4 28.fxg4 Nhxg4 29.Rh3+ Kg8
30.Nxg4 Nxg4 31.Be1 b5 32.Qf3 bxc4 33.Qxg4+ Rg7 34.Qh5  1-0

[Event "FRA-ch Acc"]
[Site "Montpellier"]
[Date "1991.??.??"]
[Round "7"]
[White "Bernard, Christophe"]
[Black "Lagunes, Jean Renaud"]
[Result "0-1"]
[WhiteElo "2295"]
[BlackElo "2205"]

1.d4 Nf6 2.Nf3 g6 3.c4 Bg7 4.Nc3 O-O 5.e4 d6 6.Be2 e5 7.O-O Nc6 8.d5 Ne7
9.Nd2 Ne8 10.b4 f5 11.f3 f4 12.c5 Rf6 13.Nc4 g5 14.Bb2 Rg6 15.a4 h5 16.h3 Kh7
17.Ra3 Ng8 18.a5 Nh6 19.Qe1 g4 20.fxg4 hxg4 21.hxg4 Bf6 22.Nd1 Bh4 23.Qc3 Bg3
24.Nxe5 dxe5 25.Qxe5 Ng7 26.Rxf4 Bxf4 27.Qxf4 Bxg4 28.Bxg4 Rxg4 29.Qf3 Qh4
30.Nf2 Rg6 31.Be5 Rg8 32.Bg3 Qe7 33.Qf4 c6 34.Bh4 Qd7 35.Qf3 cxd5 36.Nh3 dxe4
37.Qxe4 Qd1+ 38.Kh2 Ng4+ 39.Kg3 Nf6+ 40.Ng5+ Kh6  0-1

[Event "Montpellier"]
[Site "Montpellier"]
[Date "1991.??.??"]
[Round "8"]
[White "Lukacs, Peter"]
[Black "Letreguilly, Olivier"]
[Result "1-0"]
[WhiteElo "2460"]
[BlackElo "2240"]

1.d4 Nf6 2.c4 g6 3.Nc3 Bg7 4.e4 d6 5.Nf3 O-O 6.Be2 e5 7.O-O Nc6 8.d5 Ne7
9.Ne1 Nd7 10.Nd3 f5 11.Bd2 Kh8 12.f3 Ng8 13.Rc1 Rf7 14.b4 Qf8 15.exf5 gxf5
16.f4 e4 17.Nf2 c5 18.dxc6 bxc6 19.Be3 Ndf6 20.Qa4 Bb7 21.Rfd1 Rd8 22.Qa5 Ne7
23.Qxa7 Ng6 24.Qa3 d5 25.cxd5 Nxd5 26.Nxd5 cxd5 27.Bc5 Qe8 28.Qe3 Ra8 29.Rd2 Qa4
30.Nh3 Rc7 31.Rcd1 Rd8 32.Ng5 Qe8 33.Bh5 Ra8 34.g4 Qc6 35.gxf5 Nh4 36.Qh3 e3
37.Rd4 Bxd4 38.Bxd4+ Kg8 39.Qxh4 Qc2  1-0

[Event "FRA-ch Acc"]
[Site "Montpellier"]
[Date "1991.??.??"]
[Round "11"]
[White "Leuly, Max"]
[Black "Belheine, Larbi"]
[Result "1-0"]
[WhiteElo "2110"]
[BlackElo "1990"]

1.d4 Nf6 2.c4 g6 3.Nc3 Bg7 4.e4 d6 5.Nf3 O-O 6.Be2 e5 7.O-O Nc6 8.d5 Ne7
9.Ne1 Nd7 10.Nd3 f5 11.Bd2 c5 12.f3 f4 13.g4 g5 14.Rb1 h5 15.h3 Rf6 16.Kg2 Rh6
17.Be1 Nf6 18.Rh1 Kf7 19.Bf2 Ng6 20.b4 b6 21.a4 Bd7 22.a5 Qh8 23.bxc5 bxc5
24.Rb7 Qh7 25.Nb5 Bf8 26.Nc7 Rc8 27.Ne6 Qg8 28.Nxg5+ Ke8 29.Ne6 Bxe6 30.dxe6 Qxe6
31.Qa4+ Nd7 32.Rxa7 Ne7 33.Rb7 hxg4 34.hxg4 Rxh1 35.Kxh1 Qh6+ 36.Kg2 Nc6
37.a6 Qh7 38.a7 Nxa7 39.Qxa7  1-0

[Event "FRA-ch Acc"]
[Site "Montpellier"]
[Date "1991.??.??"]
[Round "11"]
[White "Mercier, Jean Pierre"]
[Black "Tugaye, Francis"]
[Result "1-0"]
[WhiteElo "2225"]
[BlackElo "2120"]

1.Nf3 Nf6 2.c4 g6 3.Nc3 Bg7 4.e4 d6 5.d4 O-O 6.Be2 e5 7.O-O Nc6 8.d5 Ne7
9.Bg5 Nd7 10.Ne1 f6 11.Bd2 f5 12.Nd3 Nf6 13.f3 f4 14.Rc1 g5 15.g4 Ng6 16.Be1 Rf7
17.Bf2 h5 18.h3 Bf8 19.c5 Rh7 20.cxd6 cxd6 21.Qb3 Bd7 22.Nb5 hxg4 23.hxg4 Bxg4
24.fxg4 Nxe4 25.Bf3 Nf6 26.Nc3 Qd7 27.Qd1 Rc8 28.Ne4 Nxe4 29.Bxe4 Rxc1 30.Nxc1 f3
31.Qxf3  1-0

[Event "Russian Winter op"]
[Site "Moscow"]
[Date "1991.??.??"]
[Round "?"]
[White "Umanskaya, Irina"]
[Black "Shashin, Alexsander A"]
[Result "1/2-1/2"]
[WhiteElo "2235"]
[BlackElo "2385"]

1.Nf3 Nf6 2.c4 g6 3.Nc3 Bg7 4.e4 d6 5.d4 O-O 6.Be2 e5 7.O-O Nc6 8.d5 Ne7
9.Nd2 c5 10.Rb1 Ne8 11.b4 b6 12.bxc5 dxc5 13.a4 a5 14.Qb3 Ra6 15.Nb5 Bd7
16.Bb2 Nc8 17.f4 Qe7 18.fxe5 Bxe5 19.Bxe5 Qxe5 20.Qc3 Qxc3 21.Nxc3 f6 22.Nf3 Ra7
23.Bd3 Ned6 24.Rbe1 Nf7 25.e5 Nxe5 26.Nxe5 fxe5 27.Rxe5 Rxf1+ 28.Kxf1 Kf7
29.Re2 Nd6 30.Rf2+ Ke7 31.Ke1 Ra8 32.Kd2 Rf8 33.Rxf8 Kxf8 34.Kc2 Ke7 35.Kb3 Kf6
36.Ne4+ Nxe4 37.Bxe4 Ke5 38.Bc2 Kd4 39.h3 Be8 40.Bd1 g5 41.Bg4 Ke5 42.g3 h5
43.Be6 h4 44.gxh4 gxh4 45.Bg4 Bg6 46.Kc3 Bf7 47.Kb3 Be8 48.Ka3 Bg6 49.Kb3 Bd3
50.Kc3 Bf1 51.Kb3  1/2-1/2